[Event "Ghent Taminco op 37th"]
[Site "Ghent"]
[Date "2014.07.23"]
[Round "9"]
[White "Boons, Patrick"]
[Black "Sadkowsky, Daniel"]
[Result "0-1"]
[WhiteElo "2029"]
[BlackElo "2248"]
[PlyCount "88"]
[EventDate "2014.07.19"]
[EventType "swiss"]
[EventRounds "9"]
[EventCountry "BEL"]
[SourceTitle "CBM 161 Extra"]
[Source "ChessBase"]
[SourceDate "2014.08.29"]
[SourceVersion "1"]
[SourceVersionDate "2014.08.29"]
[SourceQuality "1"]

1. e4 e5 2. Nf3 Nf6 3. Nc3 Nc6 4. d3 d5 5. Bg5 Bb4 6. exd5 Qxd5 7. Bd2 Bxc3 8. Bxc3 Bg4 9. Be2 0-0-0 10. h3 Bh5 11. 0-0 Rhe8 12. Nd2 Bxe2 13. Qxe2 Nd4 14. Bxd4 exd4 15. Qf3 Re6 16. Qxd5 Nxd5 17. Rfe1 Rc6 18. Rec1 Nf4 19. Kf1 Rg6 20. g3 Nxh3 21. Re1 Ng5 22. Nc4 Rf6 23. Kg2 Nf3 24. Re2 Rd5 25. Rh1 h5 26. a4 Kd7 27. Re4 Rg5 28. c3 c5 29. cxd4 cxd4 30. b4 g6 31. b5 Rgf5 32. Re2 b6 33. Ra1 h4 34. Rh1 hxg3 35. fxg3 Re6 36. Rxe6 Kxe6 37. Rf1 Ne5 38. Re1 Kd5 39. Nb2 Ng4 40. Nd1 Re5 41. Rf1 f5 42. Rh1 Re2+ 43. Kf1 Rd2 44. Ke1 Rxd1+ 0-1

[Event "BEL-chT 1314"]
[Site "Belgium"]
[Date "2014.02.23"]
[Round "10.3"]
[White "Wemmers, Xander"]
[Black "Sadkowsky, Daniel"]
[Result "1-0"]
[WhiteElo "2330"]
[BlackElo "2260"]
[PlyCount "148"]
[EventDate "2013.09.22"]
[EventType "team-tourn"]
[EventRounds "11"]
[EventCountry "BEL"]
[SourceTitle "EXT 2015"]
[Source "ChessBase"]
[SourceDate "2014.11.20"]
[SourceVersion "1"]
[SourceVersionDate "2014.11.20"]
[SourceQuality "1"]
[WhiteTeam "Borgerhout"]
[BlackTeam "Deurne"]
[WhiteTeamCountry "BEL"]
[BlackTeamCountry "BEL"]

1. d4 d5 2. c4 dxc4 3. e3 e5 4. Bxc4 exd4 5. exd4 Nf6 6. Nf3 Bd6 7. 0-0 0-0 8. Nc3 Nc6 9. h3 h6 10. Re1 Re8 11. Be3 Bf5 12. Nh4 Bh7 13. Qf3 Qd7 14. g4 Ne4 15. Nf5 Ng5 16. Bxg5 hxg5 17. Nxd6 cxd6 18. Nb5 Bg6 19. Qd5 Ne7 20. Qxd6 Rad8 21. Qxd7 Rxd7 22. Nxa7 Rxd4 23. Bb3 Kf8 24. Rac1 Nd5 25. Rxe8+ Kxe8 26. Nb5 Rb4 27. Nd6+ Kd7 28. Rd1 Rxb3 29. Rxd5 Rxb2 30. Nc4+ Kc6 31. Rxg5 Rxa2 32. Ne5+ Kc7 33. Nxg6 fxg6 34. Rxg6 b5 35. Rxg7+ Kc6 36. Rg8 b4 37. Rb8 Kc5 38. g5 Ra6 39. h4 Rb6 40. Rc8+ Kd4 41. h5 b3 42. Rc1 b2 43. Rb1 Ke5 44. h6 Rg6 45. Rxb2 Rxg5+ 46. Kf1 Kf6 47. Rb3 Kg6 48. Rh3 Kh7 49. Ke2 Ra5 50. Kf3 Ra8 51. Rh4 Ra3+ 52. Kg4 Ra6 53. f4 Ra8 54. Rh5 Ra1 55. Kg5 Rg1+ 56. Kf5 Ra1 57. Rh2 Ra6 58. Re2 Rxh6 59. Re6 Rh1 60. Kf6 Ra1 61. f5 Rb1 62. Kf7 Rb7+ 63. Re7 Rb8 64. f6 Kh6 65. Re8 Rb7+ 66. Re7 Rb8 67. Rd7 Ra8 68. Ke6 Ra6+ 69. Ke7 Ra8 70. Kf7 Rb8 71. Re7 Ra8 72. Re8 Ra7+ 73. Kg8 Kg6 74. Rf8 Ra6 1-0

[Event "BEL-chT 1314"]
[Site "Belgium"]
[Date "2013.12.01"]
[Round "5.3"]
[White "Sadkowsky, Daniel"]
[Black "Ringoir, Tanguy"]
[Result "0-1"]
[WhiteElo "2260"]
[BlackElo "2490"]
[PlyCount "66"]
[EventDate "2013.09.22"]
[EventType "team-tourn"]
[EventRounds "11"]
[EventCountry "BEL"]
[SourceTitle "EXT 2015"]
[Source "ChessBase"]
[SourceDate "2014.11.20"]
[SourceVersion "1"]
[SourceVersionDate "2014.11.20"]
[SourceQuality "1"]
[WhiteTeam "Deurne"]
[BlackTeam "Wirtzfeld"]
[WhiteTeamCountry "BEL"]
[BlackTeamCountry "BEL"]

1. c4 f5 2. Nc3 Nf6 3. g3 g6 4. Bg2 Bg7 5. d3 0-0 6. e4 fxe4 7. dxe4 d6 8. Nge2 c5 9. 0-0 Nc6 10. h3 e5 11. Bg5 Be6 12. Nd5 Qd7 13. Kh2 Kh8 14. Qd2 Ng8 15. Rad1 Rf7 16. Qc1 Raf8 17. f3 Nd4 18. Nxd4 cxd4 19. b3 b5 20. cxb5 Rc8 21. Qa3 Rc2 22. Bd2 Bxd5 23. exd5 Qxb5 24. Qa5 Qxa5 25. Bxa5 Rxa2 26. Ra1 Rxa1 27. Rxa1 Nf6 28. Bf1 e4 29. fxe4 Nxe4 30. Re1 Be5 31. Rxe4 Rxf1 32. Kg2 Ra1 33. Bc7 d3 0-1

[Event "BEL-ch op"]
[Site "Antwerp"]
[Date "2013.07.13"]
[Round "8"]
[White "Sadkowsky, Daniel"]
[Black "Lacrosse, Marc"]
[Result "1/2-1/2"]
[WhiteElo "2230"]
[BlackElo "2199"]
[PlyCount "95"]
[EventDate "2013.07.06"]
[EventType "swiss"]
[EventRounds "9"]
[EventCountry "BEL"]
[SourceTitle "CBM 155 Extra"]
[Source "ChessBase"]
[SourceDate "2013.08.26"]
[SourceVersion "1"]
[SourceVersionDate "2013.08.26"]
[SourceQuality "1"]

1. c4 e6 2. Nf3 d5 3. g3 Nf6 4. Bg2 Be7 5. 0-0 0-0 6. b3 c5 7. Bb2 Nc6 8. e3 b6 9. Nc3 Bb7 10. cxd5 Nxd5 11. Nxd5 Qxd5 12. d4 Rad8 13. Ne5 Qd6 14. dxc5 Qxc5 15. Nd7 Qg5 16. h4 Qh6 17. Rc1 e5 18. Qg4 Rfe8 19. Nxe5 Nxe5 20. Bxe5 Bxg2 21. Kxg2 Ba3 22. Bf4 Qe6 23. Qxe6 Rxe6 24. Rfd1 Rxd1 25. Rxd1 f6 26. Rd7 Re7 27. Rxe7 Bxe7 28. Kf3 Kf7 29. e4 Ke6 30. Be3 Ke5 31. a4 Bb4 32. g4 g6 33. Bc1 Bc3 34. Bf4+ Kd4 35. Bb8 a5 36. Bd6 Kd3 37. g5 Be5 38. Be7 fxg5 39. hxg5 Kc2 40. Bf6 Bc7 41. e5 Kxb3 42. e6 Bd6 43. Bd8 Kxa4 44. Bxb6 Be7 45. Kg4 Kb5 46. Bd4 Kc6 47. f4 Kd5 48. Bc3 1/2-1/2